Tintes y tintoreros de América (Record no. 1348)

MARC details
000 -CABECERA
campo de control de longitud fija 00982nam a2200229 a 4500
001 - NÚMERO DE CONTROL
campo de control BRCA_1487
005 - FECHA Y HORA DE LA ÚLTIMA TRANSACCIÓN
campo de control 20190320203441.0
008 - DATOS DE LONGITUD FIJA--INFORMACIÓN GENERAL
campo de control de longitud fija 060425s2006 sp-a---##b---f001-0#spa-#
020 ## - NÚMERO INTERNACIONAL ESTÁNDAR DEL LIBRO
Número Internacional Estándar del Libro 848181282X
050 #4 - SIGNATURA TOPOGRÁFICA DE LA BIBLIOTECA DEL CONGRESO
Número de clasificación E59.T35
Número de documento/Ítem .R66 2006
100 1# - ENTRADA PRINCIPAL--NOMBRE DE PERSONA
Nombre de persona Roquero Caparrós, Ana
9 (RLIN) 4855
245 10 - MENCIÓN DE TÍTULO
Título Tintes y tintoreros de América
Resto del título catálogo de materias primas y registro etnográfico de México, Centro América, Andes Centrales y Selva Amazónica
Mención de responsabilidad, etc. Ana Roquero.
260 ## - PUBLICACIÓN, DISTRIBUCIÓN, ETC.
Lugar de publicación, distribución, etc. Madrid
Nombre del editor, distribuidor, etc. Ministerio de Cultura : Dirección General de Bellas Artes y Bienes Culturales
Fecha de publicación, distribución, etc. 2006
300 ## - DESCRIPCIÓN FÍSICA
Extensión 254 p.
Otras características físicas il. a color
Dimensiones 27 cm.
500 ## - NOTA GENERAL
Nota general Incluye índice de nombres comúnes y científicos
504 ## - NOTA DE BIBLIOGRAFÍA, ETC.
Nota de bibliografía, etc. Bibliografía : p. 245-250
650 14 - PUNTO DE ACCESO ADICIONAL DE MATERIA--TÉRMINO DE MATERIA
Término de materia o nombre geográfico como elemento de entrada Industria textil indígena
Subdivisión geográfica Latinoamérica
9 (RLIN) 4856
650 14 - PUNTO DE ACCESO ADICIONAL DE MATERIA--TÉRMINO DE MATERIA
Término de materia o nombre geográfico como elemento de entrada Indígenas
Subdivisión general Etnobotánica
Subdivisión geográfica Latinoamérica
9 (RLIN) 4857
650 14 - PUNTO DE ACCESO ADICIONAL DE MATERIA--TÉRMINO DE MATERIA
Término de materia o nombre geográfico como elemento de entrada Tintes y teñido doméstico
Subdivisión general Vida social y costumbres
Subdivisión geográfica Latinoamérica
9 (RLIN) 4858
653 0# - TÉRMINO DE INDIZACIÓN--NO CONTROLADO
Término no controlado Vida cotidiana
942 ## - ELEMENTOS DE PUNTO DE ACCESO ADICIONAL (KOHA)
Fuente del sistema de clasificación o colocación Library of Congress Classification
Tipo de ítem Koha Libros
Holdings
Estado de retiro Estado de pérdida Estado dañado No para préstamo Localización permanente Ubicación/localización actual Fecha de adquisición Total de préstamos Signatura topográfica completa Código de barras Fecha visto por última vez Precio válido a partir de Tipo de ítem Koha
El ejemplar forma parte de la colección y puede ser consultado según las políticas vigentes.       Biblioteca del Museo Franz Mayer (Rogerio Casas-Alatriste) Biblioteca del Museo Franz Mayer (Rogerio Casas-Alatriste) 26/06/2008   E59.T35 .R66 2006 02016 22/03/2019 22/03/2019 Libros